Guess the Lyrics #39 - Statistics

General Stats
  • This quiz has been taken 3,277 times
    1,852 since last reset
  • The average score is 141 of 281
Answer Stats
Lyrics % Correct
I
99%
(I
99%
A
97%
a
97%
you
94%
the
89%
love
81%
me
80%
to
77%
and
76%
And
76%
Do
76%
do
76%
your
73%
in
71%
it
71%
on
71%
no
66%
Can
65%
that
65%
what
64%
my
62%
know
59%
You're
58%
you're
58%
I'm
57%
of
56%
see
55%
like
52%
can't
51%
Don't
48%
Too
47%
all
46%
It's
45%
it's
45%
wear
44%
With
40%
with
40%
Baby,
38%
baby,
38%
feel
37%
now?
35%
now
35%
now)
35%
should
34%
up
33%
down
32%
from
31%
need
29%
come
27%
give
27%
think
27%
under
26%
guy
22%
high,
22%
head,
21%
toxic,
21%
toxic?
21%
(Toxic)
21%
falling
20%
lips,
20%
lovin'
19%
over
19%
taste
19%
addicted
17%
around
17%
dangerous,
17%
There's
17%
air
16%
calling?
16%
ride
16%
slippin'
16%
warning
16%
late
15%
paradise
15%
poison
15%
Toxic - Britney Spears
15%
wait
14%
hit,
13%
'round
13%
took
13%
getting
12%
spinnin'
12%
escape,
10%
cup
9%
ready
9%
taking
9%
devil's
8%
Losing
8%
sip
8%
Intoxicate
7%
Slowly,
5%
No matching quizzes found
Score Distribution
Percent of People with Each Score
Percentile by Number Answered
Your Score History
You have not taken this quiz since the last reset